An introduction to ornithology and biology of the blue rock pigeon / (Record no. 13747)

MARC details
000 -LEADER
fixed length control field 00847nam a22002297a 4500
005 - DATE AND TIME OF LATEST TRANSACTION
control field 20080617144955.0
008 - FIXED-LENGTH DATA ELEMENTS--GENERAL INFORMATION
fixed length control field 080617t xxu||||| |||| 00| 0 eng d
010 ## - LIBRARY OF CONGRESS CONTROL NUMBER
LC control number ENG-90334
020 ## - INTERNATIONAL STANDARD BOOK NUMBER
Terms of availability 495.00
International Standard Book Number 8173815615
035 ## - SYSTEM CONTROL NUMBER
System control number EN-73867
037 ## - SOURCE OF ACQUISITION
Source of stock number/acquisition DBAD / PUB
040 ## - CATALOGING SOURCE
Original cataloging agency DPL
Language of cataloging EN
082 ## - DEWEY DECIMAL CLASSIFICATION NUMBER
Classification number 598
100 ## - MAIN ENTRY--PERSONAL NAME
Personal name Bhattacharyya, B. N.
245 ## - TITLE STATEMENT
Title An introduction to ornithology and biology of the blue rock pigeon /
Statement of responsibility, etc by B.N. Bhattacharyya
260 ## - PUBLICATION, DISTRIBUTION, ETC. (IMPRINT)
Place of publication, distribution, etc Kolkata
Name of publisher, distributor, etc New Central Book Agency
Date of publication, distribution, etc 2008
270 ## - ADDRESS
Address 8/1, Chintamoni Das Lane,
City Kolkata
Postal code 700009
300 ## - PHYSICAL DESCRIPTION
Extent xxiv, 383p.:
Dimensions 27 cm (Hb)
Other physical details ill.
500 ## - GENERAL NOTE
General note Includes references and index
942 ## - ADDED ENTRY ELEMENTS (KOHA)
Koha item type English Books
Classification part 598
Source of classification or shelving scheme Dewey Decimal Classification
Call number suffix BHA
Holdings
Withdrawn status Lost status Damaged status Not for loan Collection code Home library Current library Date acquired Source of acquisition Cost, normal purchase price Total Checkouts Full call number Barcode Date last seen Copy number Cost, replacement price Price effective from Koha item type
      Not For Loan Non-fiction D.B.Act.Division D.B.Act.Division 17/06/2008 DBAD / PUB 495.00   598 BHA EN-73867 15/09/2008 1 495.00 15/09/2008 English Books

© Delhi Public Library
Hit Counter
free hit counter